| 000 | 00562cam a2200205ua 4500 | ||
|---|---|---|---|
| 020 |
_a81-204-0841-1 _c525.00 |
||
| 041 |
_aeng _h |
||
| 082 |
_a664.02 _bSRI/MA |
||
| 100 | _aSrivastava, U K . | ||
| 245 |
_aManaging food processing industries in India, Part 2 & 3 / _cU K Srivastava. _hTextual Documents |
||
| 250 |
_a1 / _b. |
||
| 260 |
_aNew Delhi : _bOxford & IBH Publishing company , _c1994. |
||
| 300 | _a520 ; . | ||
| 365 | _a525.00 | ||
| 504 | _a | ||
| 700 | 1 | _aPatel, N T . | |
| 942 | _cBK | ||
| 999 |
_c9929 _d9929 |
||